000 01512nam0a2200325 4500
001 RU\NLR\BIBL_A\012059277
005 20190812161501.0
010 _a978-5-907081-70-3
_91000
021 _aRU
_bКН-П-19-044503
_9КН-П-19-3257
035 _a(NLR Aleph) 012059277
035 _a(RuMoRGB)010014176
090 _a11694804
_c11694804
100 _a20190717d2019 k y0rusy50 ca
101 0 _arus
102 _aRU
105 _aah||z|||010zy
200 1 _aМаркировка неуправляемых авиационных боеприпасов (1912-1949 гг.)
_eисторико-документальный труд
_fЕ. В. Пырьев
210 _aМосква
_cИД Академии Жуковского
_d2019
215 _a239 с.
_cил., цв. ил., табл., факс.
_d22
300 _aНа обороте тит. л. авт.: Е.В. Пырьев - к.т.н., проф.
300 _aНа обл.: Издание выпущено к 100-летию ВВИА имени профессора Н. Е. Жуковского
320 _aБиблиогр.: с. 238-239 (56 назв.)
606 1 _aАвиационные боеприпасы
_xМаркировка
_xИстория
_z1912 - 1949
_2nlr_sh2
_3RU\NLR\AUTH\6601659837
686 1 _aЦ651.23-925г(2)
700 1 _aПырьев
_bЕ. В.
_gЕвгений Владимирович
942 _cBOOK
980 _aNBR
980 _aNB